LEADER 01068oam 2200325z- 450 001 9910672276603321 005 20200420172149.0 010 $a958-665-340-4 035 $a(CKB)3710000000443430 035 $a(EXLCZ)993710000000443430 100 $a20190513c2014uuuu -u- - 101 0 $aeng 200 10$aAccio?n, e?tica, poli?tica $enuevos para?metros de reflexio?n en ciencias sociales /$fAlberto Valencia Gutie?rrez 210 $cSiglo del Hombre Editores S.A 311 $a958-665-328-5 517 $aAcción, ética, política 517 $aAcción, ética, política. Nuevos parámetros de reflexión edn las ciencias sociales 606 $aState, The 606 $aPolitical science 606 $aPolitical ethics 606 $aSocial sciences 615 0$aState, The. 615 0$aPolitical science. 615 0$aPolitical ethics. 615 0$aSocial sciences. 700 $aValencia Gutie?rrez$b Alberto$01233141 906 $aBOOK 912 $a9910672276603321 996 $aAccio?n, e?tica, poli?tica$93055282 997 $aUNINA